Statistics for Guess the aircraft by Airbus

Click here to take the quiz!

General Stats

  • This quiz has been taken 294 times
  • The average score is 8 of 9

Answer Stats

Answer% Correct
A380
98%
A320
97%
A330
97%
A350
97%
A340
96%
A321
93%
A319
92%
A220
84%
A310
76%

Score Distribution

Percentile by Number Answered

Percent of People with Each Score

Your Score History

You have not taken this quiz